| 000 | 00551nam a2200181 a 4500 | ||
|---|---|---|---|
| 005 | 20210223120421.0 | ||
| 008 | 991125s1974 fr 000 0 fre u | ||
| 035 | _aUPN01000000686 | ||
| 049 | _aCG | ||
| 050 | 4 |
_aLB1195 _bA27 |
|
| 245 | 0 | 0 |
_aActivites d'expression : _b"le langage". |
| 260 |
_aBruxelles : _bMinistére de l'Education Nationale, _c1974. |
||
| 300 | _a83 p. | ||
| 440 | 3 |
_aLa reforme de l'enseignement prescolaire ; _v2 |
|
| 500 | _aFotocopia | ||
| 650 | 4 |
_aLENGUAJE Y LENGUAS - _xESTUDIO Y ENSEÑANZA (PREESCOLAR) _910938 |
|
| 905 | _aLibro | ||
| 999 |
_c686 _d686 |
||